000 00411pab a2200169 454500
008 180718b1962 xxu||||| |||| 00| 0 eng d
100 _aBiswas, A.N.
245 _aThe problems of the national budget
260 _c1962
300 _ap.75-81.
362 _aJan-Mar
650 _aBudget - India
650 _aBudget
773 _aIndian Journal of Public Administration
908 _aN
909 _a100414
999 _c100413
_d100413